000 00627cab a2200241 4500
001 A235
008 090401t1983 xxu||||| |||| 00| 0 eng d
035 _a(Sirsi) u27980
041 _aeng
100 _aAvis, Martin
245 _aValuing time-share interests 1 and 2
260 _c1983
350 _a0
490 _aJournal of Valuation
_v(1983) 1 JV 377-385(9)
650 _aDISCOUNTED CASH FLOW METHOD
650 _aSENSITIVITY ANALYSIS
650 _aTIMESHARE INTERESTS
650 _aVALUATION METHODS
690 _aRATING AND VALUATION
700 _aGibson, Virginia A.
942 _n0
948 _c04/03/1997
999 _c18868
_d18868